Química na abordagem do cotidiano (Record no. 156300)

MARC details
000 -LÍDER
campo de controle de tamanho fixo 00383 a2200157 4500
001 - NÚMERO DE CONTROLE
campo de controle 156300
020 ## - ISBN - INTERNATIONAL STANDARD BOOK NUMBER
ISBN - International Standard Book Number 9788516075699
040 ## - FONTE DA CATALOGAÇÃO
Instituição que transcreveu o registro Escola São Tomás de Aquino
100 ## - ENTRADA PRINCIPAL--NOME PESSOAL
Nome pessoal CANTO, Eduardo Leite do
240 10 - TÍTULO UNIFORME
Título uniforme Química na abordagem do cotidiano
Idioma da obra por
245 10 - TÍTULO
Título Química na abordagem do cotidiano
300 ## - DESCRIÇÃO FÍSICA
Extensão 678
362 0# - DATAS DE PUBLICAÇÃO E/OU DESIGNAÇÃO SEQUENCIAL
Datas de publicação e/ou designação sequencial 2012
697 ## - ENTRADA DE ASSUNTO LOCAL--ENTIDADE COLETIVA (RLIN)
Nome corporativo ou nome da jurisdição QUÍMICA
942 ## - ELEMENTOS DE ENTRADA ADICIONADOS (KOHA)
Tipo de material Koha Livros
Holdings
Situação do descarte Situação das perdas Situação física Não pode ser emprestado Biblioteca de origem Biblioteca atual Data de aquisição Total de empréstimos Número de chamada completo Código de barras Data de último acesso Data do preço efetivo Tipo de material Koha
        ESTA - SÃO BENTO ESTA - SÃO BENTO 30/04/2024   540 TIT QUI EST00010407 30/04/2024 30/04/2024 Livros
        ESTA - SÃO BENTO ESTA - SÃO BENTO 30/04/2024   540 TIT QUI EST00010408 30/04/2024 30/04/2024 Livros